Statistics for PSV Eindhoven all-time top scorers

Click here to take the quiz!

General Stats

  • This quiz has been taken 15 times
  • The average score is 4 of 10

Answer Stats

GoalsNationalityPlayer% Correct
161NetherlandsLuuk de Jong
93%
133BelgiumLuc Nilis
57%
128BrazilRomário
57%
347NetherlandsWilly van der Kuijlen
57%
103NetherlandsWim Kieft
36%
129SerbiaMateja Kežman
29%
104NetherlandsRené van de Kerkhof
29%
133NorwayHallvar Thoresen
7%
113NetherlandsHarry Lubse
7%
89NetherlandsJan Vennegoor of Hesselink
7%

Score Distribution

Percentile by Number Answered

Percent of People with Each Score

Your Score History

You have not taken this quiz